000 00323nam a22001457a 4500
003 SGT
020 _a978938310066
082 _a346.022,MYN
100 _aMYNENI,S.R.
245 _aCONTRACT-1(GENERAL PRINCIPLES)
260 _aHYDERABAD
_bASIA LAW HOUSE
_c2014
300 _a616
650 _aCONTRACT-1
942 _2ddc
_cBK
999 _c10875
_d10875